Statystyki dla Państwa, które wygrały najwięcej bitew

Kliknij tutaj aby rozwiązać quiz!

Ogólne statystyki

  • Ten quiz został rozwiązany 5,990 razy
  • Średni wynik to 20 z 28

Statystyki odpowiedzi

Wygrane bitwy Odpowiedź % poprawnych
344Polska
99%
491Rosja / związek Radziecki
98%
560Niemcy / Pruskie / SIR
97%
1115Francja
96%
244Chiny
95%
833Stany Zjednoczone
95%
1105Zjednoczone Królestwo
95%
387Hiszpania
92%
132Włochy
91%
183Japonia
90%
210Turcja / Otomańskie
85%
165Szwecja
80%
110Portugalia
79%
209Austria
76%
82Kanada
76%
93Indie / Moughals
76%
89Grecja
74%
102Iran / Imperia Perskie
72%
76Egipt
69%
92Mongolia
67%
137Australia
61%
79Dania
59%
78Korea
58%
114Holandia
57%
259Rzym
33%
107Bizancjum
15%
108Kalifaty Islamskie
4%
128System Konfederacyjny
3%

Rozkład punktacji

Percentyl według liczby udzielonych odpowiedzi

Procent ludzi z każdym wynikiem

Twoja historia wyników

Nie rozwiązałeś tego quizu